000 00699cam a22002293a 4500
001 19062
003 PGUSA
005 20140828083414.0
008 060816s2006||||xxu|||||s|||||000 | eng d
040 _aPGUSA
_beng
042 _adc
050 4 _aDP
100 1 _aCastilho, Antonio Feliciano de,
_d1800-1875
245 1 0 _aEco da Voz Portugueza por Terras de Santa Cruz
_h[electronic resource] /
_cAntonio Feliciano de Castilho
260 _bProject Gutenberg,
_c2006
506 _aPublic domain in the USA.
516 _aElectronic text
653 _aPortugal -- History -- 19th century
830 0 _aProject Gutenberg
_v19062
856 4 0 _uhttp://www.gutenberg.org/ebooks/19062
942 _cEB
999 _c248317
_d248317